00365nam a2200133Ia 45000010005000000080041000050200021000460820020000671000029000872450055001162600017001719010028001889990015002162482241024s9999 xx 000 0 und d a978-9945-020-342 aRD/864.42/M516p aFélix Evaristo Mejía 0aProsas polémicas 2. Temas educativos y Discursos bBúhoc2008 a19/9/2012 11:18:18 a.m. c7743d7743